[Event "Enschede op-C U14"]
[Site "Enschede"]
[Date "2009.08.05"]
[Round "6"]
[White "Dokter, Dani"]
[Black "Van der Werff, Frank"]
[Result "0-1"]
[WhiteElo "1061"]
[BlackElo "1728"]
[PlyCount "76"]
[EventDate "2009.08.03"]
[EventType "swiss"]
[EventRounds "7"]
[EventCountry "NED"]
[SourceTitle "CBM 132 Extra"]
[Source "ChessBase"]
[SourceDate "2009.11.03"]
[SourceVersion "1"]
[SourceVersionDate "2009.11.03"]
[SourceQuality "1"]

1. e4 c5 2. Nf3 d6 3. Nc3 Nf6 4. Bc4 g6 5. d3 Bg7 6. 0-0 0-0 7. d4 cxd4 8. Nxd4 Nc6 9. Be3 Ng4 10. h3 Nxe3 11. fxe3 Qc7 12. Nd5 Qd8 13. c3 e6 14. Nxc6 bxc6 15. Nb4 Bb7 16. Qd2 c5 17. Nc2 Bxe4 18. Rad1 d5 19. Bb5 Qb6 20. Qe2 Bxc2 21. Qxc2 Qxb5 22. e4 d4 23. cxd4 cxd4 24. Rf3 Rfc8 25. Qf2 Rc7 26. Rf1 Qd7 27. Qh4 d3 28. e5 d2 29. Rd1 Rc1 30. Rff1 Rxd1 31. Rxd1 Rc8 32. Qf2 Rc1 33. Qf1 Rxd1 34. Qxd1 Qd3 35. a4 Qe3+ 36. Kh1 Bxe5 37. Qf1 Qe1 38. Qg1 d1Q 0-1